000 00622cam a22002173a 4500
001 33475
003 PGUSA
005 20140828083725.0
008 100820s2010||||xxu|||||s|||||000 | eng d
040 _aPGUSA
_beng
042 _adc
100 1 _aHough, Emerson,
_d1857-1923
245 1 4 _aThe Broken Gate :
_bA Novel
_h[electronic resource] /
_cEmerson Hough
260 _bProject Gutenberg,
_c2010
506 _aPublic domain in the USA.
516 _aElectronic text
700 1 _aBracker, M. Leone,
_d1885-1937
830 0 _aProject Gutenberg
_v33475
856 4 0 _uhttp://www.gutenberg.org/ebooks/33475
942 _cEB
999 _c262730
_d262730